Tulunada ithihasa: kri sha 2 neya shatamana (Record no. 121261)
[ view plain ]
| 000 -LEADER | |
|---|---|
| fixed length control field | 00855nam a2200265Ia 4500 |
| 003 - CONTROL NUMBER IDENTIFIER | |
| control field | OSt |
| 005 - DATE AND TIME OF LATEST TRANSACTION | |
| control field | 20250530122227.0 |
| 008 - FIXED-LENGTH DATA ELEMENTS--GENERAL INFORMATION | |
| fixed length control field | 210210b2015 xxu||||| |||| 00| 0 eng d |
| 040 ## - CATALOGING SOURCE | |
| Transcribing agency | AL |
| 041 ## - LANGUAGE CODE | |
| Language code of text/sound track or separate title | Kannada |
| 082 ## - DEWEY DECIMAL CLASSIFICATION NUMBER | |
| Classification number | 954.871K SHRT |
| 100 ## - MAIN ENTRY--PERSONAL NAME | |
| Personal name | SHRIKRISHNA BHATT (Arthikaje) |
| Dates associated with a name | ಶ್ರೀಕೃಷ್ಣ ಭಟ್ (ಅರ್ತಿಕಜೆ) |
| 9 (RLIN) | 211798 |
| 245 ## - TITLE STATEMENT | |
| Title | Tulunada ithihasa: kri sha 2 neya shatamana |
| Remainder of title | ತುಳುನಾಡ ಇತಿಹಾಸ: ಕ್ರಿ ಶ 2ನೇ ಶತಮಾನ |
| 260 ## - PUBLICATION, DISTRIBUTION, ETC. | |
| Place of publication, distribution, etc. | Mangaluru |
| Name of publisher, distributor, etc. | Karnataka Tulu Sahitya Academy |
| Date of publication, distribution, etc. | 2015 |
| 300 ## - PHYSICAL DESCRIPTION | |
| Extent | xx,88 |
| 650 ## - SUBJECT ADDED ENTRY--TOPICAL TERM | |
| Topical term or geographic name entry element | Tulunada |
| 9 (RLIN) | 211799 |
| 650 ## - SUBJECT ADDED ENTRY--TOPICAL TERM | |
| Topical term or geographic name entry element | shatamana |
| 9 (RLIN) | 211800 |
| 650 ## - SUBJECT ADDED ENTRY--TOPICAL TERM | |
| Topical term or geographic name entry element | sha |
| 9 (RLIN) | 211801 |
| 650 ## - SUBJECT ADDED ENTRY--TOPICAL TERM | |
| Topical term or geographic name entry element | kri |
| 9 (RLIN) | 211802 |
| 650 ## - SUBJECT ADDED ENTRY--TOPICAL TERM | |
| Topical term or geographic name entry element | ithihasa: |
| 9 (RLIN) | 211803 |
| 650 ## - SUBJECT ADDED ENTRY--TOPICAL TERM | |
| Topical term or geographic name entry element | 2neya |
| 9 (RLIN) | 211804 |
| 690 ## - LOCAL SUBJECT ADDED ENTRY--TOPICAL TERM (OCLC, RLIN) | |
| Topical term or geographic name as entry element | Dakshina Kannada |
| 9 (RLIN) | 211805 |
| 906 ## - LOCAL DATA ELEMENT F, LDF (RLIN) | |
| a | 071487 |
| 942 ## - ADDED ENTRY ELEMENTS (KOHA) | |
| Source of classification or shelving scheme | Dewey Decimal Classification |
| Koha item type | Book |
| Withdrawn status | Lost status | Source of classification or shelving scheme | Damaged status | Not for loan | Collection code | Home library | Current library | Shelving location | Date acquired | Source of acquisition | Cost, normal purchase price | Total Checkouts | Full call number | Barcode | Date last seen | Price effective from | Koha item type |
|---|---|---|---|---|---|---|---|---|---|---|---|---|---|---|---|---|---|
| Dewey Decimal Classification | History | St Aloysius Library | St Aloysius Library | 02/17/2021 | Arunodaya publications | 100.00 | 954.871K SHRT | 071487 | 02/17/2021 | 02/17/2021 | Book |